000
00288 a2200145 4500
001
180910
020
_a
040
_c
Magnum
100
_a
Moreira, Eliane
240
1
0
_a
Gente querida
_l
por
245
1
0
_a
Gente querida
362
0
_a
1899
697
_a
MAGNITO: RELIGIAO
942
_c
BK
999
_c
180910
_d
180910